Central Library OPAC University of Rajshahi
Normal view MARC view

Entry Personal Name

Number of records used in: 1

001 - CONTROL NUMBER

  • control field: 4623

003 - CONTROL NUMBER IDENTIFIER

  • control field: BD-RjUL

005 - DATE AND TIME OF LATEST TRANSACTION

  • control field: 20220904120613.0

008 - FIXED-LENGTH DATA ELEMENTS

  • fixed length control field: 220904|| aca||aabn | a|a d

040 ## - CATALOGING SOURCE

  • Original cataloging agency: BD-RjUL
  • Transcribing agency: BD-RjUL

100 ## - HEADING--PERSONAL NAME

  • Personal name: Shirwani, Muhammad Habib-ur-Rehman Khan ;; شروانی, محمد حبيب الرحمن خان

670 ## - SOURCE DATA FOUND

  • Source citation: Work cat.: (BD-RjUL)80295: Shirwani, Muhammad Habib-ur-Rehman Khan ;; شروانی, محمد حبيب الرحمن خان, / علمائے سلف و نابینا علماء, 1959